Paesi più vicini al Paraguay - Morte improvvisa - Statistics

General Stats
  • This quiz has been taken 57 times
  • The average score is 7 of 15
Answers on the Grid
Answers color-coded by a green-red scale on the quiz's grid according to % correct below.
Panama
Grenada
Trinidad e Tobago
Colombia
Venezuela
Guyana
Suriname
Ecuador
Perù
Bolivia
Cile
Argentina
Uruguay
Brasile
Saint Vincent e Grenadine
Barbados
Saint Lucia
Dominica
Saint Kitts e Nevis
Antigua e Barbuda
Repubblica Dominicana
Haiti
Cuba
Giamaica
Costa Rica
Nicaragua
Honduras
El Salvador
Belize
Guatemala
 
Answer Stats
Answer % Correct
Brasile
69%
Cile
69%
Colombia
66%
Perù
66%
Argentina
63%
Uruguay
63%
Bolivia
60%
Ecuador
57%
Venezuela
57%
Guyana
43%
Suriname
43%
Panama
40%
Trinidad e Tobago
26%
Saint Vincent e Grenadine
9%
Grenada
6%
No matching quizzes found
Score Distribution
Percent of People with Each Score
Percentile by Number Answered
Your Score History
You have not taken this quiz